Vybrané ukazovatele za vodné hospodárstvo v SR 2005

Enregistré dans:
Détails bibliographiques
Format: Livre
Langue:slovaque
Publié: Bratislava Štatistický úrad Slovenskej republiky 2006
Collection:Pôdohospodárstvo a životné prostredie
Sujets:
Tags: Ajouter un tag
Pas de tags, Soyez le premier à ajouter un tag!

MARC

LEADER 00000nam$a2200000$$$4500
001 0040468
005 20260213112338.0
041 0 |a slo 
044 |a SK 
245 1 0 |a Vybrané ukazovatele za vodné hospodárstvo v SR 2005 
264 1 |a Bratislava  |b Štatistický úrad Slovenskej republiky  |c 2006 
300 |a 17 s. 
490 1 |a Pôdohospodárstvo a životné prostredie 
830 0 |a Pôdohospodárstvo a životné prostredie 
610 2 0 |a Slovensko 
610 2 0 |a vodohospodárstvo